[Event "Frankfurt-chA"]
[Site "Frankfurt"]
[Date "2012.06.18"]
[Round "7"]
[White "Muthig, Holger"]
[Black "Nagel, Norbert"]
[Result "1-0"]
[WhiteElo "1599"]
[BlackElo "1779"]
[PlyCount "97"]
[EventDate "2012.04.30"]
[EventType "swiss"]
[EventRounds "7"]
[EventCountry "GER"]
[SourceTitle "EXT 2013"]
[Source "ChessBase"]
[SourceDate "2012.11.22"]
[SourceVersion "1"]
[SourceVersionDate "2012.11.22"]
[SourceQuality "1"]

1. d4 Nf6 2. c4 g6 3. g3 Bg7 4. Bg2 d6 5. Nc3 0-0 6. Nf3 Nbd7 7. 0-0 c6 8. b3 Rb8 9. Bb2 a6 10. Nd2 e5 11. dxe5 dxe5 12. Qc2 Qc7 13. Rad1 b5 14. Nce4 Bb7 15. cxb5 axb5 16. Nxf6+ Nxf6 17. Rc1 Rbc8 18. b4 Qe7 19. Qc5 Qxc5 20. Rxc5 Nd7 21. Rcc1 f5 22. Rfd1 Nb6 23. Nb3 Nc4 24. Ba1 Rc7 25. Nc5 Bc8 26. a4 Re8 27. axb5 cxb5 28. Bd5+ Kf8 29. Bxc4 bxc4 30. Rxc4 Ke7 31. Rcc1 Rd8 32. Rxd8 Kxd8 33. Rd1+ Ke7 34. f4 Ra7 35. fxe5 Bh6 36. Bd4 Ra2 37. e3 g5 38. Ra1 Rxa1+ 39. Bxa1 f4 40. exf4 gxf4 41. Kf2 fxg3+ 42. hxg3 Bd2 43. b5 Ba5 44. Bd4 Bh3 45. Ne4 Ke6 46. Ng5+ Kd5 47. Nxh3 Kxd4 48. e6 Bd8 49. b6 1-0

[Event "Frankfurt-ch"]
[Site "Frankfurt"]
[Date "2011.05.30"]
[Round "5"]
[White "Richter, Tobias"]
[Black "Nagel, Norbert"]
[Result "1-0"]
[WhiteElo "2099"]
[BlackElo "1758"]
[PlyCount "55"]
[EventDate "2011.05.02"]
[EventType "swiss"]
[EventRounds "7"]
[EventCountry "GER"]
[SourceTitle "EXT 2012"]
[Source "ChessBase"]
[SourceDate "2011.11.24"]
[SourceVersion "1"]
[SourceVersionDate "2011.11.24"]
[SourceQuality "1"]

1. e4 d5 2. exd5 Qxd5 3. Nf3 Nf6 4. c4 Qa5 5. Nc3 Bg4 6. b4 Qxb4 7. Rb1 Qa5 8. Rxb7 c6 9. Be2 Bc8 10. Rb3 e6 11. Qc2 Nbd7 12. Nd4 Qc5 13. Nxc6 Qxc6 14. Bf3 Qxc4 15. d3 Qc7 16. Bxa8 Ba6 17. 0-0 Nc5 18. Na4 Ng4 19. g3 Qc8 20. Nxc5 Bxc5 21. Rc3 0-0 22. Bf3 Ne5 23. Be4 Nd7 24. Rd1 f5 25. Bg2 e5 26. Be3 Bxe3 27. Rxc8 Rxc8 28. Qb3+ 1-0

[Event "Frankfurt-ch"]
[Site "Frankfurt"]
[Date "2011.05.09"]
[Round "2"]
[White "Nagel, Norbert"]
[Black "Bergmann, Michael"]
[Result "1-0"]
[WhiteElo "1758"]
[BlackElo "1511"]
[PlyCount "113"]
[EventDate "2011.05.02"]
[EventType "swiss"]
[EventRounds "7"]
[EventCountry "GER"]
[SourceTitle "EXT 2012"]
[Source "ChessBase"]
[SourceDate "2011.11.24"]
[SourceVersion "1"]
[SourceVersionDate "2011.11.24"]
[SourceQuality "1"]

1. c4 Nf6 2. Nf3 e6 3. g3 d5 4. b3 c5 5. Bg2 Nc6 6. 0-0 g6 7. Bb2 Bg7 8. d3 0-0 9. Nbd2 Re8 10. Ne5 Nxe5 11. Bxe5 Ng4 12. Bxg7 Kxg7 13. e4 Nf6 14. e5 Nd7 15. f4 Nb8 16. Nf3 Nc6 17. Rc1 b6 18. d4 dxc4 19. dxc5 Bb7 20. bxc4 bxc5 21. Qxd8 Raxd8 22. Rfd1 Nb4 23. a3 Bxf3 24. Bxf3 Rxd1+ 25. Bxd1 Na6 26. Rb1 Rb8 27. Rxb8 Nxb8 28. Ba4 Kf8 29. Kf2 Ke7 30. Ke3 Na6 31. g4 Nc7 32. h4 f5 33. exf6+ Kxf6 34. Ke4 Na8 35. g5+ Ke7 36. Ke5 Nb6 37. Bb5 Nc8 38. Ba6 Nd6 39. a4 Nf5 40. Bc8 Nd4 41. Bb7 a5 42. Be4 Ne2 43. h5 gxh5 44. Bxh7 Nd4 45. Be4 h4 46. Bg2 Nf5 47. Bh3 Ng7 48. Ke4 Kd6 49. Kf3 Ke7 50. Kg4 Nf5 51. Kh5 Ne3 52. Kh6 Nf5+ 53. Kh5 Ne3 54. Kxh4 Nxc4 55. Bf1 Nd6 56. Kh5 Nf5 57. Bd3 1-0

[Event "Frankfurt-ch"]
[Site "Frankfurt"]
[Date "2009.05.04"]
[Round "2"]
[White "Honert, Stefan"]
[Black "Nagel, Norbert"]
[Result "1/2-1/2"]
[WhiteElo "1311"]
[BlackElo "1715"]
[PlyCount "68"]
[EventDate "2009.04.27"]
[EventType "tourn"]
[EventRounds "7"]
[EventCountry "GER"]
[SourceTitle "EXT 2010"]
[Source "ChessBase"]
[SourceDate "2010.11.25"]
[SourceVersion "1"]
[SourceVersionDate "2010.11.25"]
[SourceQuality "1"]

1. d4 Nf6 2. c4 g6 3. Nc3 Bg7 4. e4 0-0 5. f4 d6 6. Nf3 c5 7. dxc5 dxc5 8. Qxd8 Rxd8 9. Be3 Na6 10. e5 Ng4 11. Bd2 Nb4 12. Rc1 Bf5 13. Be2 Nd3+ 14. Bxd3 Bxd3 15. h3 Nh6 16. Nd5 Rd7 17. Kf2 Be4 18. Be3 b6 19. Rhd1 Bxd5 20. Rxd5 Rxd5 21. cxd5 Nf5 22. g4 Nxe3 23. Kxe3 Rd8 24. Rd1 Kf8 25. b3 Ke8 26. Ke4 h6 27. Rd3 b5 28. d6 exd6 29. Rxd6 Bf8 30. Rxd8+ Kxd8 31. h4 Kc7 32. Kd5 Be7 33. h5 gxh5 34. gxh5 Kd7 1/2-1/2

[Event "Frankfurt-ch"]
[Site "Frankfurt"]
[Date "2009.04.27"]
[Round "1"]
[White "Nagel, Norbert"]
[Black "Schwenkreis, Thomas"]
[Result "0-1"]
[WhiteElo "1715"]
[BlackElo "2041"]
[PlyCount "70"]
[EventDate "2009.04.27"]
[EventType "tourn"]
[EventRounds "7"]
[EventCountry "GER"]
[SourceTitle "EXT 2010"]
[Source "ChessBase"]
[SourceDate "2010.11.25"]
[SourceVersion "1"]
[SourceVersionDate "2010.11.25"]
[SourceQuality "1"]

1. g3 e5 2. Bg2 Nc6 3. c4 Bc5 4. Nc3 Nf6 5. e3 0-0 6. Nge2 Re8 7. 0-0 e4 8. f3 exf3 9. Bxf3 Ne5 10. b3 Nxf3+ 11. Rxf3 d5 12. d4 Bf8 13. Qd3 c6 14. Nf4 g6 15. cxd5 cxd5 16. Bd2 a6 17. Qf1 Bf5 18. Re1 b5 19. Nfxd5 Nxd5 20. e4 Nxc3 21. Bxc3 Bxe4 22. Rxf7 Qd5 23. Rf2 Bg7 24. Rd2 Rac8 25. Bb2 Bh6 26. Rde2 Rf8 27. Qh3 Bd3 28. Re5 Qf3 29. d5 Rc2 30. Qe6+ Qf7 31. Qxf7+ Rxf7 32. Ba1 Bf8 33. Re8 Bf5 34. d6 Bh3 35. Ra8 Rcf2 0-1

[Event "Frankfurt-ch"]
[Site "Frankfurt"]
[Date "2008.05.19"]
[Round "3"]
[White "Nagel, Norbert"]
[Black "Honert, Stefan"]
[Result "1/2-1/2"]
[WhiteElo "1708"]
[BlackElo "1289"]
[PlyCount "44"]
[EventDate "2008.04.28"]
[EventType "swiss"]
[EventRounds "7"]
[EventCountry "GER"]
[SourceTitle "EXT 2009"]
[Source "ChessBase"]
[SourceDate "2008.11.26"]
[SourceVersion "1"]
[SourceVersionDate "2008.11.26"]
[SourceQuality "1"]

1. c4 e6 2. g3 c5 3. Bg2 d5 4. cxd5 exd5 5. Nf3 Nc6 6. 0-0 Nf6 7. d4 Be7 8. Nc3 Be6 9. b3 0-0 10. Bb2 b6 11. Rc1 cxd4 12. Nb5 Qd7 13. Nbxd4 Nxd4 14. Qxd4 Bh3 15. Qh4 Bxg2 16. Kxg2 Ng4 17. Qh3 f5 18. Ne5 Qe6 19. Rc6 Bd6 20. Nxg4 fxg4 21. Qh5 Qe4+ 22. f3 Qxe2+ 1/2-1/2